书目信息 |
| 题名: |
盆栽葡萄
|
|
| 作者: | 葛根 编著 | |
| 分册: | ||
| 出版信息: | 上海 上海科学技术出版社 1983 |
|
| 页数: | 112页 | |
| 开本: | 19cm | |
| 丛书名: | ||
| 单 册: | ||
| 中图分类: | S663.1 , S6 | |
| 科图分类: | ||
| 主题词: | 葡萄-盆栽 , 盆栽-葡萄 , 园艺 | |
| 电子资源: | ||
| ISBN: | ||
| 000 | 00623nam0 2200253 450 | |
| 001 | 1572145303 | |
| 005 | 20150129200249.76 | |
| 010 | @dCNY0.40 | |
| 091 | @a16119.805 | |
| 100 | @a19950629d1983 em y0chiy0110 ea | |
| 101 | 0 | @achi |
| 102 | @aCN@b310000 | |
| 105 | @ay z 000yy | |
| 200 | 1 | @a盆栽葡萄@9pen zai pu tao@dPotting Grapes@f葛根编著 |
| 210 | @a上海@c上海科学技术出版社@d1983 | |
| 215 | @a112页@d19cm | |
| 606 | 0 | @a葡萄-盆栽 |
| 606 | 0 | @a盆栽-葡萄 |
| 606 | 0 | @a园艺 |
| 690 | @aS663.1@v5 | |
| 690 | @aS6@v4 | |
| 701 | 0 | @a葛根@9ge gen@4编著 |
| 801 | 0 | @aCN@bTSSF@c20150129 |
| 905 | @aZUCC@dS6@eJY13 | |
| 盆栽葡萄=Potting Grapes/葛根编著.-上海:上海科学技术出版社,1983 |
| 112页;19cm |
| ISBN :CNY0.40 |
| ● |
| 相关链接 |
|
|
|
|
正题名:盆栽葡萄
索取号:S6/JY13
 
预约/预借
| 序号 | 登录号 | 条形码 | 馆藏地/架位号 | 状态 | 备注 |
| 1 | 7862899 | 278628996 | 学院路分馆/ [索取号:S6/JY13] | 在馆 |